=LDR 00000nam 2200000 4500 =001 000975 =005 20250712020735 =035 ##$$a 0010-0725000854 =007 ta =008 250712################a##########0#ind## =020 ##$$a 978-623-307-194-9 =082 ##$$a 398.209 598 =084 ##$$a 398.209 598 TRI m =100 #$$a Tria ayu k. =245 1#$$a Misi kirana dan pasukan pramuka /$c Tria ayu k. =250 ##$$a Cetakan kedua =260 ##$$a Rawamangun :$b Badan pengembangan dan pembinaan bahasa,$c 2022 =300 ##$$a 28hlm. : $b Ilus. ; $c 29,7cm =650 #4$$a Cerita anak-indonesia